[Event "Cafe Baroque International 5th"]
[Site "London"]
[Date "1995.04.??"]
[Round "?"]
[White "Muir, Andrew Joseph"]
[Black "Holland, Christopher KD"]
[Result "1-0"]
[WhiteElo "2310"]
[BlackElo "2260"]
[PlyCount "66"]
[EventDate "1995.04.18"]
[EventType "tourn"]
[EventRounds "9"]
[EventCountry "ENG"]
[EventCategory "3"]
[SourceTitle "BritBase"]
[Source "John Saunders"]
[SourceDate "2023.06.01"]
[SourceVersion "1"]
[SourceVersionDate "2023.06.01"]
[SourceQuality "1"]

1. d4 Nf6 2. c4 g6 3. Nc3 Bg7 4. e4 d6 5. f3 c6 6. Be3 O-O 7. Bd3 e5 8. d5 b5
9. cxb5 cxd5 10. exd5 e4 11. Nxe4 Nxd5 12. Bg5 Qb6 13. Qd2 Nd7 14. Bc4 N5f6 15.
Ne2 d5 16. Be3 Qe6 17. Nxf6+ Nxf6 18. Bd3 Nd7 19. O-O Re8 20. Bf2 Ne5 21. Nd4
Qd6 22. Rac1 Bd7 23. b3 Bh6 24. Qxh6 Nxd3 25. Rcd1 Nxf2 26. Rxf2 a6 27. bxa6
Rxa6 28. a4 Rb8 29. Re2 Rb4 30. Kh1 Ra8 31. Qg5 Qb6 32. Qxd5 Ra7 33. Re7 Qb7
1-0

[Event "Cafe Baroque International 5th"]
[Site "London"]
[Date "1995.04.??"]
[Round "?"]
[White "Muir, Andrew Joseph"]
[Black "McDonald, Neil R"]
[Result "1/2-1/2"]
[WhiteElo "2310"]
[BlackElo "2460"]
[PlyCount "51"]
[EventDate "1995.04.18"]
[EventType "tourn"]
[EventRounds "9"]
[EventCountry "ENG"]
[EventCategory "3"]
[SourceTitle "BritBase"]
[Source "John Saunders"]
[SourceDate "2023.06.01"]
[SourceVersion "1"]
[SourceVersionDate "2023.06.01"]
[SourceQuality "1"]

1. d4 d5 2. c4 c6 3. Nf3 Nf6 4. Nc3 e6 5. Bg5 dxc4 6. e4 b5 7. e5 h6 8. Bh4 g5
9. Nxg5 hxg5 10. Bxg5 Nbd7 11. exf6 Bb7 12. g3 c5 13. d5 Nxf6 14. Bg2 Be7 15.
O-O Nxd5 16. Bxe7 Kxe7 17. Nxb5 Qb6 18. Na3 Rh4 19. Qd2 Rg8 20. f4 Nxf4 21.
Rxf4 Rxf4 22. Qxf4 Bxg2 23. Nxc4 Qb7 24. Qd6+ Kf6 25. Qf4+ Kg7 26. Qg5+ 1/2-1/2

[Event "Cafe Baroque International 5th"]
[Site "London"]
[Date "1995.04.??"]
[Round "?"]
[White "Muir, Andrew Joseph"]
[Black "Shaw, John"]
[Result "1/2-1/2"]
[WhiteElo "2310"]
[BlackElo "2280"]
[PlyCount "40"]
[EventDate "1995.04.18"]
[EventType "tourn"]
[EventRounds "9"]
[EventCountry "ENG"]
[EventCategory "3"]
[SourceTitle "BritBase"]
[Source "John Saunders"]
[SourceDate "2023.06.01"]
[SourceVersion "1"]
[SourceVersionDate "2023.06.01"]
[SourceQuality "1"]

1. Nf3 d5 2. b3 Bg4 3. Bb2 Nd7 4. e3 Ngf6 5. Be2 c6 6. h3 Bh5 7. d4 e6 8. O-O
Ne4 9. Nfd2 Bxe2 10. Qxe2 Ndf6 11. Nxe4 Nxe4 12. Nc3 Nxc3 13. Bxc3 Qh4 14. f4
f5 15. Qd2 Rg8 16. Bb4 Bxb4 17. Qxb4 Qe7 18. Qxe7+ Kxe7 19. h4 h6 20. Kf2 h5
1/2-1/2

[Event "Cafe Baroque International 5th"]
[Site "London"]
[Date "1995.04.??"]
[Round "?"]
[White "Muir, Andrew Joseph"]
[Black "Whiteley, Andrew Jonathan"]
[Result "1/2-1/2"]
[WhiteElo "2310"]
[BlackElo "2335"]
[PlyCount "45"]
[EventDate "1995.04.18"]
[EventType "tourn"]
[EventRounds "9"]
[EventCountry "ENG"]
[EventCategory "3"]
[SourceTitle "BritBase"]
[Source "John Saunders"]
[SourceDate "2023.06.01"]
[SourceVersion "1"]
[SourceVersionDate "2023.06.01"]
[SourceQuality "1"]

1. e4 e6 2. d3 c5 3. g3 Nc6 4. Bg2 g6 5. c3 Bg7 6. f4 Nge7 7. Be3 d6 8. Nf3 O-O
9. O-O f5 10. a4 h6 11. Na3 b6 12. Bf2 Kh7 13. Re1 d5 14. exf5 exf5 15. d4 c4
16. Ne5 Bb7 17. Qe2 Rc8 18. Nxc6 Nxc6 19. Qe6 Na5 20. Nc2 Re8 21. Qf7 Rf8 22.
Qe6 Re8 23. Qf7 1/2-1/2

[Event "Cafe Baroque International 5th"]
[Site "London"]
[Date "1995.04.??"]
[Round "?"]
[White "Shaw, John"]
[Black "Dive, Russell John"]
[Result "1-0"]
[WhiteElo "2280"]
[BlackElo "2295"]
[PlyCount "71"]
[EventDate "1995.04.18"]
[EventType "tourn"]
[EventRounds "9"]
[EventCountry "ENG"]
[EventCategory "3"]
[SourceTitle "BritBase"]
[Source "John Saunders"]
[SourceDate "2023.06.01"]
[SourceVersion "1"]
[SourceVersionDate "2023.06.01"]
[SourceQuality "1"]

1. e4 Nf6 2. e5 Nd5 3. d4 d6 4. c4 Nb6 5. exd6 cxd6 6. Nc3 g6 7. a4 Bg7 8. a5
N6d7 9. Be3 O-O 10. Nf3 e5 11. Be2 h6 12. Nb5 f5 13. Nxd6 e4 14. Ne5 Kh7 15.
Nxd7 Qxd7 16. Nxc8 Qxc8 17. Qd2 Nc6 18. d5 Ne5 19. Rc1 Qd7 20. O-O a6 21. b4
Rf7 22. c5 Rd8 23. Rcd1 Qe7 24. Qc1 Qf6 25. f4 exf3 26. Bxf3 Qh4 27. Bf4 g5 28.
Bg3 Qxb4 29. Qc2 Kh8 30. Bh5 Rff8 31. Rxf5 Rxf5 32. Qxf5 Qxc5+ 33. Bf2 Qxa5 34.
Qe6 Rf8 35. Bd4 Qa3 36. Kh1 1-0

[Event "Cafe Baroque International 5th"]
[Site "London"]
[Date "1995.04.??"]
[Round "?"]
[White "Shaw, John"]
[Black "McDonald, Neil R"]
[Result "0-1"]
[WhiteElo "2280"]
[BlackElo "2460"]
[PlyCount "84"]
[EventDate "1995.04.18"]
[EventType "tourn"]
[EventRounds "9"]
[EventCountry "ENG"]
[EventCategory "3"]
[SourceTitle "BritBase"]
[Source "John Saunders"]
[SourceDate "2023.06.01"]
[SourceVersion "1"]
[SourceVersionDate "2023.06.01"]
[SourceQuality "1"]

1. e4 e6 2. d4 d5 3. e5 c5 4. c3 Nc6 5. Nf3 Bd7 6. dxc5 Bxc5 7. b4 Be7 8. b5
Na5 9. Bd3 Nc4 10. a4 Qc7 11. Qe2 Nh6 12. Nbd2 a6 13. bxa6 Rxa6 14. O-O b5 15.
Nxc4 dxc4 16. Bc2 bxa4 17. Rd1 a3 18. Rd4 Bb5 19. Re4 Ra5 20. Nd4 Ba6 21. Qh5
Qd7 22. Bxh6 gxh6 23. Qxh6 Bf8 24. Qg5 h6 25. Qg3 Bb7 26. Rf4 Kd8 27. Rf6 Bd5
28. Qf4 Rg8 29. Rxf7 Rxg2+ 30. Kf1 Be7 31. Be4 Rg8 32. Rxe7 Kxe7 33. Qf6+ Ke8
34. Rb1 Ra8 35. Nb5 a2 36. Nd6+ Qxd6 37. exd6 axb1=Q+ 38. Bxb1 Kd7 39. Qe7+ Kc6
40. Qc7+ Kb5 41. Qd7+ Bc6 42. Qxe6 Bg2+ 0-1

[Event "Cafe Baroque International 5th"]
[Site "London"]
[Date "1995.04.??"]
[Round "?"]
[White "Shaw, John"]
[Black "Telfer, Kenneth"]
[Result "1-0"]
[WhiteElo "2280"]
[BlackElo "2245"]
[PlyCount "31"]
[EventDate "1995.04.18"]
[EventType "tourn"]
[EventRounds "9"]
[EventCountry "ENG"]
[EventCategory "3"]
[SourceTitle "BritBase"]
[Source "John Saunders"]
[SourceDate "2023.06.01"]
[SourceVersion "1"]
[SourceVersionDate "2023.06.01"]
[SourceQuality "1"]

1. e4 c5 2. g3 b6 3. Bg2 Bb7 4. Nc3 e6 5. Nge2 Nc6 6. O-O g6 7. d4 cxd4 8. Nxd4
a6 9. Nxc6 dxc6 10. Be3 Qc7 11. Qd4 e5 12. Qxb6 O-O-O 13. Bh3+ f5 14. exf5 Qxb6
15. Bxb6 Re8 16. f6+ 1-0

[Event "Cafe Baroque International 5th"]
[Site "London"]
[Date "1995.04.??"]
[Round "?"]
[White "Shaw, John"]
[Black "Tozer, Richard"]
[Result "1/2-1/2"]
[WhiteElo "2280"]
[BlackElo "2335"]
[PlyCount "47"]
[EventDate "1995.04.18"]
[EventType "tourn"]
[EventRounds "9"]
[EventCountry "ENG"]
[EventCategory "3"]
[SourceTitle "BritBase"]
[Source "John Saunders"]
[SourceDate "2023.06.01"]
[SourceVersion "1"]
[SourceVersionDate "2023.06.01"]
[SourceQuality "1"]

1. e4 c5 2. g3 e6 3. Bg2 d5 4. exd5 exd5 5. d4 cxd4 6. Ne2 Bb4+ 7. Nd2 Nc6 8.
O-O d3 9. cxd3 Bg4 10. h3 Bxe2 11. Qxe2+ Nge7 12. Nb3 O-O 13. Bd2 Bxd2 14. Qxd2
Qd6 15. Rac1 Rac8 16. Rfe1 b6 17. a3 Ng6 18. Qe3 Qf6 19. Re2 Rcd8 20. Rce1 h6
21. Qf3 Qd6 22. Qe3 Qf6 23. Qf3 Qd6 24. Qe3 1/2-1/2

[Event "Cafe Baroque International 5th"]
[Site "London"]
[Date "1995.04.??"]
[Round "?"]
[White "Telfer, Kenneth"]
[Black "Baker, Chris W"]
[Result "0-1"]
[WhiteElo "2245"]
[BlackElo "2260"]
[PlyCount "78"]
[EventDate "1995.04.18"]
[EventType "tourn"]
[EventRounds "9"]
[EventCountry "ENG"]
[EventCategory "3"]
[SourceTitle "BritBase"]
[Source "John Saunders"]
[SourceDate "2023.06.01"]
[SourceVersion "1"]
[SourceVersionDate "2023.06.01"]
[SourceQuality "1"]

1. e4 d6 2. d4 Nf6 3. Nc3 c6 4. Be2 Nbd7 5. f4 e5 6. Nf3 Qc7 7. O-O Be7 8. Kh1
O-O 9. a4 Re8 10. Bc4 a6 11. Qe2 exd4 12. Nxd4 d5 13. exd5 Bb4 14. Qf3 cxd5 15.
Bd3 Bxc3 16. bxc3 Nc5 17. c4 Bg4 18. Qg3 Nce4 19. Bxe4 Nxe4 20. Qh4 Qxc4 21.
Bb2 Bd7 22. f5 f6 23. Rf3 b5 24. Rh3 Ng5 25. Rg1 Re4 26. Qf2 bxa4 27. Rh5 a3
28. Ba1 Rf8 29. Rd1 a2 30. Qg3 Bxf5 31. Nxf5 Qe2 32. Rg1 Qxh5 33. Qc7 Qf7 34.
Qc6 Qe6 35. Qxe6+ Rxe6 36. Nd4 Rb6 37. Nb3 Rc8 38. Bd4 Rb4 39. Rc1 Rxb3 0-1

[Event "Cafe Baroque International 5th"]
[Site "London"]
[Date "1995.04.??"]
[Round "?"]
[White "Telfer, Kenneth"]
[Black "Beaumont, Chris R"]
[Result "1-0"]
[WhiteElo "2245"]
[BlackElo "2350"]
[PlyCount "45"]
[EventDate "1995.04.18"]
[EventType "tourn"]
[EventRounds "9"]
[EventCountry "ENG"]
[EventCategory "3"]
[SourceTitle "BritBase"]
[Source "John Saunders"]
[SourceDate "2023.06.01"]
[SourceVersion "1"]
[SourceVersionDate "2023.06.01"]
[SourceQuality "1"]

1. d4 Nf6 2. c4 g6 3. Nf3 Bg7 4. Nc3 d5 5. Bf4 O-O 6. e3 c5 7. Be2 cxd4 8. exd4
Nc6 9. h3 dxc4 10. Bxc4 Bf5 11. O-O Rc8 12. d5 Nb4 13. Bb3 Nd3 14. Qd2 Nc5 15.
Rad1 Nxb3 16. axb3 Ne4 17. Nxe4 Bxe4 18. Be5 Bxf3 19. Bxg7 Bxd1 20. Bxf8 Bxb3
21. Bh6 Qxd5 22. Qe3 Qc5 23. Qxb3 1-0

[Event "Cafe Baroque International 5th"]
[Site "London"]
[Date "1995.04.??"]
[Round "?"]
[White "Telfer, Kenneth"]
[Black "Holland, Christopher KD"]
[Result "1/2-1/2"]
[WhiteElo "2245"]
[BlackElo "2260"]
[PlyCount "37"]
[EventDate "1995.04.18"]
[EventType "tourn"]
[EventRounds "9"]
[EventCountry "ENG"]
[EventCategory "3"]
[SourceTitle "BritBase"]
[Source "John Saunders"]
[SourceDate "2023.06.01"]
[SourceVersion "1"]
[SourceVersionDate "2023.06.01"]
[SourceQuality "1"]

1. e4 e6 2. d4 d5 3. Nd2 c5 4. exd5 Qxd5 5. Ngf3 cxd4 6. Bc4 Qd6 7. O-O Nf6 8.
Nb3 Nc6 9. Nbxd4 Nxd4 10. Nxd4 a6 11. Bb3 Bd7 12. Re1 O-O-O 13. c3 Qc7 14. Qf3
Bd6 15. h3 Be5 16. Bg5 Bxd4 17. cxd4 Bc6 18. d5 exd5 19. Bxf6 1/2-1/2

[Event "Cafe Baroque International 5th"]
[Site "London"]
[Date "1995.04.??"]
[Round "?"]
[White "Telfer, Kenneth"]
[Black "Muir, Andrew Joseph"]
[Result "0-1"]
[WhiteElo "2245"]
[BlackElo "2310"]
[PlyCount "50"]
[EventDate "1995.04.18"]
[EventType "tourn"]
[EventRounds "9"]
[EventCountry "ENG"]
[EventCategory "3"]
[SourceTitle "BritBase"]
[Source "John Saunders"]
[SourceDate "2023.06.01"]
[SourceVersion "1"]
[SourceVersionDate "2023.06.01"]
[SourceQuality "1"]

1. e4 c5 2. Nf3 d6 3. d4 Nf6 4. Nc3 cxd4 5. Nxd4 g6 6. Be2 Bg7 7. O-O O-O 8.
Nb3 Nc6 9. Bg5 Be6 10. Kh1 a6 11. a4 Rc8 12. f4 Na5 13. f5 Bxb3 14. cxb3 Rxc3
15. Bxf6 Rxb3 16. Bxg7 Kxg7 17. f6+ exf6 18. Qd4 Nc6 19. Qd5 Rxb2 20. Bxa6 Qb6
21. Qxd6 bxa6 22. Qxf6+ Kg8 23. Rad1 Rc2 24. Rd6 Qc5 25. Rd5 Qe3 0-1

[Event "Cafe Baroque International 5th"]
[Site "London"]
[Date "1995.04.??"]
[Round "?"]
[White "Telfer, Kenneth"]
[Black "Whiteley, Andrew Jonathan"]
[Result "0-1"]
[WhiteElo "2245"]
[BlackElo "2335"]
[PlyCount "54"]
[EventDate "1995.04.18"]
[EventType "tourn"]
[EventRounds "9"]
[EventCountry "ENG"]
[EventCategory "3"]
[SourceTitle "BritBase"]
[Source "John Saunders"]
[SourceDate "2023.06.01"]
[SourceVersion "1"]
[SourceVersionDate "2023.06.01"]
[SourceQuality "1"]

1. e4 e6 2. Nf3 d5 3. e5 c5 4. b4 cxb4 5. a3 Nc6 6. axb4 Bxb4 7. c3 Be7 8. d4
Bd7 9. Bd3 h5 10. g3 Nh6 11. h3 Nf5 12. Kf1 Qb6 13. Ra2 O-O-O 14. Kg2 Kb8 15.
Ba3 Rc8 16. Bxf5 exf5 17. c4 dxc4 18. Bxe7 Nxe7 19. Nc3 f4 20. Qd2 fxg3 21.
fxg3 Qg6 22. Qf4 Qf5 23. Qd2 Bc6 24. d5 Nxd5 25. Nxd5 Rhd8 26. Qd4 Rxd5 27.
Qxa7+ Kc7 0-1

[Event "Cafe Baroque International 5th"]
[Site "London"]
[Date "1995.04.??"]
[Round "?"]
[White "Tozer, Richard"]
[Black "Baker, Chris W"]
[Result "1-0"]
[WhiteElo "2335"]
[BlackElo "2260"]
[PlyCount "61"]
[EventDate "1995.04.18"]
[EventType "tourn"]
[EventRounds "9"]
[EventCountry "ENG"]
[EventCategory "3"]
[SourceTitle "BritBase"]
[Source "John Saunders"]
[SourceDate "2023.06.01"]
[SourceVersion "1"]
[SourceVersionDate "2023.06.01"]
[SourceQuality "1"]

1. d4 Nf6 2. c4 g6 3. Nc3 Bg7 4. e4 d6 5. Be2 O-O 6. Bg5 c6 7. Qd2 a6 8. a4 a5
9. Nf3 Bg4 10. Rd1 Na6 11. O-O Qc7 12. e5 Bxf3 13. exd6 exd6 14. Bxf3 Rfe8 15.
Qf4 Nd7 16. Qg3 Nb6 17. b3 f5 18. h4 Nb4 19. h5 Nc2 20. Ne2 Rxe2 21. Bxe2 Nxd4
22. Bd3 Be5 23. f4 Bg7 24. Rfe1 Nd7 25. Re7 Qb6 26. Kh1 Qxb3 27. Rb1 Qxa4 28.
Rxd7 Re8 29. Re1 Rxe1+ 30. Qxe1 Bf8 31. Rd8 1-0

[Event "Cafe Baroque International 5th"]
[Site "London"]
[Date "1995.04.??"]
[Round "?"]
[White "Tozer, Richard"]
[Black "Dive, Russell John"]
[Result "0-1"]
[WhiteElo "2335"]
[BlackElo "2295"]
[PlyCount "136"]
[EventDate "1995.04.18"]
[EventType "tourn"]
[EventRounds "9"]
[EventCountry "ENG"]
[EventCategory "3"]
[SourceTitle "BritBase"]
[Source "John Saunders"]
[SourceDate "2023.06.01"]
[SourceVersion "1"]
[SourceVersionDate "2023.06.01"]
[SourceQuality "1"]

1. d4 Nf6 2. c4 e6 3. Nc3 Bb4 4. Qc2 O-O 5. Bg5 b6 6. a3 Bxc3+ 7. Qxc3 c5 8. e3
d6 9. Bd3 Nbd7 10. Ne2 Bb7 11. f3 cxd4 12. exd4 Rc8 13. Qd2 h6 14. Bh4 Ba6 15.
Rc1 d5 16. cxd5 Bxd3 17. dxe6 Bxe2 18. Rxc8 Qxc8 19. exd7 Qxd7 20. Kxe2 Ne4 21.
fxe4 Qg4+ 22. Kd3 Qxh4 23. g3 Qh5 24. Kc2 Rd8 25. Rd1 b5 26. d5 a5 27. Kb1 b4
28. a4 b3 29. d6 Qc5 30. Qc3 Qb6 31. d7 Qb7 32. Qd4 Qc6 33. e5 Kf8 34. Qg4 h5
35. Qxh5 Qe4+ 36. Ka1 Qxa4+ 37. Kb1 Qe4+ 38. Ka1 Qa4+ 39. Kb1 Qa2+ 40. Kc1 Qa1+
41. Kd2 Rxd7+ 42. Ke1 Qxd1+ 43. Qxd1 Rxd1+ 44. Kxd1 Ke7 45. Kd2 Ke6 46. Kc3
Kxe5 47. Kxb3 f5 48. h4 Ke4 49. Ka4 Kf3 50. Kxa5 Kxg3 51. b4 f4 52. b5 f3 53.
b6 f2 54. b7 f1=Q 55. b8=Q+ Qf4 56. Qh8 Qh6 57. Qd8 Kg4 58. Kb5 Kh5 59. Kc4
Qf4+ 60. Kd3 g6 61. Qh8+ Kg4 62. Qh7 Qf5+ 63. Ke3 Qh5 64. Qf7 Qe5+ 65. Kf2 Qd4+
66. Kg2 Qe4+ 67. Kh2 Qc2+ 68. Kg1 Kg3 0-1

[Event "Cafe Baroque International 5th"]
[Site "London"]
[Date "1995.04.??"]
[Round "?"]
[White "Tozer, Richard"]
[Black "Muir, Andrew Joseph"]
[Result "1-0"]
[WhiteElo "2335"]
[BlackElo "2310"]
[PlyCount "75"]
[EventDate "1995.04.18"]
[EventType "tourn"]
[EventRounds "9"]
[EventCountry "ENG"]
[EventCategory "3"]
[SourceTitle "BritBase"]
[Source "John Saunders"]
[SourceDate "2023.06.01"]
[SourceVersion "1"]
[SourceVersionDate "2023.06.01"]
[SourceQuality "1"]

1. d4 d5 2. Nf3 Nf6 3. c4 e6 4. g3 Be7 5. Bg2 O-O 6. O-O dxc4 7. Nbd2 b5 8. a4
c6 9. e4 Bb7 10. e5 Nd5 11. Ne4 h6 12. Bd2 Nd7 13. Qc1 Kh7 14. b3 cxb3 15. Qb1
Kh8 16. Qxb3 a5 17. Rfc1 Qb6 18. Nd6 b4 19. Qc4 Rab8 20. Rab1 Ba8 21. Ne1 f6
22. Nf3 fxe5 23. dxe5 Rxf3 24. Bxf3 Nxe5 25. Qe4 Bxd6 26. Bd1 Rf8 27. Bf4 g5
28. Bxe5+ Bxe5 29. Qxe5+ Rf6 30. Rb2 Kg8 31. Bb3 Kf7 32. Bxd5 exd5 33. Re1 Qd8
34. Rbe2 c5 35. h4 Rg6 36. Qf5+ Qf6 37. Re7+ Kf8 38. Qc8# 1-0

[Event "Cafe Baroque International 5th"]
[Site "London"]
[Date "1995.04.??"]
[Round "?"]
[White "Tozer, Richard"]
[Black "Telfer, Kenneth"]
[Result "1-0"]
[WhiteElo "2335"]
[BlackElo "2245"]
[PlyCount "61"]
[EventDate "1995.04.18"]
[EventType "tourn"]
[EventRounds "9"]
[EventCountry "ENG"]
[EventCategory "3"]
[SourceTitle "BritBase"]
[Source "John Saunders"]
[SourceDate "2023.06.01"]
[SourceVersion "1"]
[SourceVersionDate "2023.06.01"]
[SourceQuality "1"]

1. d4 d5 2. c4 c6 3. Nf3 Nf6 4. Nc3 e6 5. e3 Nbd7 6. Bd3 dxc4 7. Bxc4 b5 8. Bd3
a6 9. e4 c5 10. d5 c4 11. dxe6 fxe6 12. Bc2 Qc7 13. O-O Bd6 14. Kh1 O-O 15. Nd4
Nc5 16. Ndxb5 axb5 17. Nxb5 Qc6 18. Nxd6 Nfxe4 19. Nxc8 Raxc8 20. f3 Nd6 21.
Bg5 Rc7 22. Qd4 Nd7 23. Rad1 Nf5 24. Qe4 Qb6 25. Bf4 Rb7 26. Qxc4 Nc5 27. Rfe1
Rf6 28. Re5 Ne7 29. Rxc5 Rxf4 30. Qxf4 Qxc5 31. Rd8# 1-0

[Event "Cafe Baroque International 5th"]
[Site "London"]
[Date "1995.04.??"]
[Round "?"]
[White "Whiteley, Andrew Jonathan"]
[Black "Baker, Chris W"]
[Result "1-0"]
[WhiteElo "2335"]
[BlackElo "2260"]
[PlyCount "81"]
[EventDate "1995.04.18"]
[EventType "tourn"]
[EventRounds "9"]
[EventCountry "ENG"]
[EventCategory "3"]
[SourceTitle "BritBase"]
[Source "John Saunders"]
[SourceDate "2023.06.01"]
[SourceVersion "1"]
[SourceVersionDate "2023.06.01"]
[SourceQuality "1"]

1. d4 Nf6 2. c4 g6 3. Nf3 Bg7 4. g3 O-O 5. Bg2 d6 6. O-O Nc6 7. Nc3 e5 8. d5
Ne7 9. e4 Ne8 10. Ne1 f5 11. Nd3 Nf6 12. exf5 gxf5 13. f4 Ng6 14. fxe5 dxe5 15.
Be3 Kh8 16. Qd2 Rg8 17. Rae1 b6 18. b3 Bd7 19. Bg5 e4 20. Nf4 Qe8 21. Nxg6+
Qxg6 22. Bh3 Rae8 23. Nb5 Nh5 24. Nxc7 e3 25. Bxe3 Nxg3 26. Nxe8 Nxf1+ 27. Kxf1
Rxe8 28. Bd4 Rxe1+ 29. Kxe1 Qe8+ 30. Kf2 Qe4 31. Bxg7+ Kxg7 32. Qc3+ Kf7 33.
Bg2 Qf4+ 34. Kg1 h5 35. Qf3 Qd4+ 36. Qf2 Qd1+ 37. Bf1 Qg4+ 38. Kh1 f4 39. Be2
Qf5 40. Qf3 Kg6 41. Bd3 1-0

[Event "Cafe Baroque International 5th"]
[Site "London"]
[Date "1995.04.??"]
[Round "?"]
[White "Whiteley, Andrew Jonathan"]
[Black "Dive, Russell John"]
[Result "0-1"]
[WhiteElo "2335"]
[BlackElo "2295"]
[PlyCount "81"]
[EventDate "1995.04.18"]
[EventType "tourn"]
[EventRounds "9"]
[EventCountry "ENG"]
[EventCategory "3"]
[SourceTitle "BritBase"]
[Source "John Saunders"]
[SourceDate "2023.06.01"]
[SourceVersion "1"]
[SourceVersionDate "2023.06.01"]
[SourceQuality "1"]

1. d4 Nf6 2. c4 e6 3. Nc3 Bb4 4. Qc2 O-O 5. a3 Bxc3+ 6. Qxc3 b5 7. cxb5 c6 8.
bxc6 Nxc6 9. b4 Bb7 10. e3 Rc8 11. Qb2 Ne7 12. f3 Nfd5 13. Bd3 f5 14. Ne2 Nb6
15. O-O Bd5 16. a4 Bc4 17. Bxc4 Nxc4 18. Qb3 Nd5 19. Rf2 Qb6 20. Rb1 a6 21. g3
Rc7 22. e4 fxe4 23. fxe4 Rxf2 24. Kxf2 Nf6 25. e5 Ng4+ 26. Kg2 Ncxe5 27. Bf4
Qb7+ 28. d5 Rc4 29. Bxe5 Qxd5+ 30. Qf3 Qxe5 31. b5 h5 32. bxa6 Rxa4 33. Qd3 Ra2
34. Re1 Qc5 35. Qf3 Rxa6 36. Rc1 Qe3 37. Qxe3 Nxe3+ 38. Kh3 g5 39. Rc3 Ng4 40.
Rc2 Kf7 41. Nd4 0-1

[Event "Cafe Baroque International 5th"]
[Site "London"]
[Date "1995.04.??"]
[Round "?"]
[White "Whiteley, Andrew Jonathan"]
[Black "McDonald, Neil R"]
[Result "1-0"]
[WhiteElo "2335"]
[BlackElo "2460"]
[PlyCount "137"]
[EventDate "1995.04.18"]
[EventType "tourn"]
[EventRounds "9"]
[EventCountry "ENG"]
[EventCategory "3"]
[SourceTitle "BritBase"]
[Source "John Saunders"]
[SourceDate "2023.06.01"]
[SourceVersion "1"]
[SourceVersionDate "2023.06.01"]
[SourceQuality "1"]

1. d4 d5 2. c4 c6 3. Nf3 Nf6 4. Nc3 e6 5. cxd5 exd5 6. Bg5 Be7 7. e3 Bf5 8. Bd3
Bxd3 9. Qxd3 O-O 10. O-O Nbd7 11. Rab1 Ne4 12. Bxe7 Qxe7 13. b4 b5 14. Nd2 Nxd2
15. Qxd2 Nb6 16. a4 Nc4 17. Qd3 a5 18. bxa5 b4 19. Na2 Rfb8 20. Rfe1 Rxa5 21.
e4 Qd6 22. exd5 cxd5 23. Rxb4 Rba8 24. Qg3 g6 25. Qxd6 Nxd6 26. Nc3 Rc8 27. Nb5
Nxb5 28. axb5 Rc4 29. Rxc4 dxc4 30. Rb1 c3 31. Kf1 c2 32. Rc1 Rxb5 33. Rxc2 Rd5
34. Rc4 Kf8 35. Ke2 Ke7 36. Kd3 Ra5 37. Rc2 Kd6 38. Ke4 Ra4 39. h4 h5 40. g3
Ke6 41. Rb2 Kd6 42. Rb6+ Ke7 43. f3 Ra5 44. g4 hxg4 45. fxg4 Ra1 46. Rb7+ Kf6
47. g5+ Ke6 48. Rb6+ Kd7 49. Ke5 Rf1 50. Rb7+ Kc6 51. Ra7 Rf5+ 52. Ke4 Kd6 53.
Ra6+ Kd7 54. Ra3 Ke6 55. Rf3 Ra5 56. d5+ Ke7 57. Ke5 Ra1 58. d6+ Kf8 59. Rc3
Ra5+ 60. Kd4 Ke8 61. Rc5 Ra4+ 62. Kd5 Rxh4 63. Rc8+ Kd7 64. Rc7+ Ke8 65. Re7+
Kf8 66. Re5 Rh1 67. d7 Rd1+ 68. Kc6 Rc1+ 69. Rc5 1-0

[Event "Cafe Baroque International 5th"]
[Site "London"]
[Date "1995.04.??"]
[Round "?"]
[White "Whiteley, Andrew Jonathan"]
[Black "Shaw, John"]
[Result "1/2-1/2"]
[WhiteElo "2335"]
[BlackElo "2280"]
[PlyCount "98"]
[EventDate "1995.04.18"]
[EventType "tourn"]
[EventRounds "9"]
[EventCountry "ENG"]
[EventCategory "3"]
[SourceTitle "BritBase"]
[Source "John Saunders"]
[SourceDate "2023.06.01"]
[SourceVersion "1"]
[SourceVersionDate "2023.06.01"]
[SourceQuality "1"]

1. d4 d5 2. c4 dxc4 3. Nf3 Nf6 4. Nc3 c5 5. d5 e6 6. e4 exd5 7. e5 Nfd7 8. Qxd5
Nb6 9. Qe4 Nc6 10. Bg5 Be7 11. Rd1 Bd7 12. Bf4 Qc8 13. Bxc4 Bf5 14. Qe2 Bg4 15.
Bb5 O-O 16. Bxc6 Qxc6 17. O-O Rad8 18. Qe4 Qxe4 19. Nxe4 Nd5 20. Bg5 Bxf3 21.
gxf3 Bxg5 22. Nxg5 Nf4 23. Rfe1 Rfe8 24. b3 b6 25. h4 h6 26. Ne4 Rd3 27. Rxd3
Nxd3 28. Re3 Nxe5 29. Nxc5 bxc5 30. f4 f6 31. fxe5 Rxe5 32. Rc3 Kf7 33. Rc4 Kg6
34. Rg4+ Kf7 35. Kg2 h5 36. Ra4 Re7 37. Ra6 Rc7 38. Kf3 Kg6 39. Ra5 c4 40. bxc4
Rxc4 41. Kg3 Rc7 42. f3 Rb7 43. Kh3 Kh6 44. Kg3 g6 45. Kh3 Kg7 46. Ra6 Rf7 47.
Kg3 Kf8 48. Re6 Kg7 49. Ra6 Rc7 1/2-1/2

[Event "Cafe Baroque International 5th"]
[Site "London"]
[Date "1995.04.??"]
[Round "?"]
[White "Whiteley, Andrew Jonathan"]
[Black "Tozer, Richard"]
[Result "1-0"]
[WhiteElo "2335"]
[BlackElo "2335"]
[PlyCount "57"]
[EventDate "1995.04.18"]
[EventType "tourn"]
[EventRounds "9"]
[EventCountry "ENG"]
[EventCategory "3"]
[SourceTitle "BritBase"]
[Source "John Saunders"]
[SourceDate "2023.06.01"]
[SourceVersion "1"]
[SourceVersionDate "2023.06.01"]
[SourceQuality "1"]

1. d4 f5 2. Nf3 Nf6 3. g3 g6 4. Bg2 Bg7 5. O-O O-O 6. c4 d6 7. d5 Na6 8. Nc3
Bd7 9. Nd4 Qe8 10. e4 fxe4 11. Nxe4 Nxe4 12. Bxe4 Nc5 13. Bg2 a5 14. Be3 c6 15.
Qd2 e5 16. Ne2 Ra6 17. Nc3 Qe7 18. dxc6 Bxc6 19. Rad1 Bxg2 20. Kxg2 Kh8 21.
Bxc5 dxc5 22. Qd7 Qf6 23. Qd5 a4 24. Rd3 Qf5 25. Rd2 g5 26. Qe4 Qf7 27. Rd5 a3
28. b3 Rh6 29. Qg4 1-0